[Event "9eme Open International de La Fere"]
[Site "La Fere (FRA)"]
[Date "2010.07.05"]
[Round "4.30"]
[White "Rouffignac, Tanguy"]
[Black "Van Foreest, Lucas"]
[Result "1-0"]
[WhiteElo "1891"]
[BlackElo "1641"]
[PlyCount "55"]
[EventDate "2010.??.??"]

1. e4 c5 2. Nf3 d6 3. d4 cxd4 4. Nxd4 Nf6 5. Nc3 g6 6. Be3 Bg7 7. f3 Nc6 8. Qd2
O-O 9. Bc4 Bd7 10. O-O-O Rc8 11. Bb3 a6 12. h4 Na5 13. Bh6 Nxb3+ 14. Nxb3 b5
15. Bxg7 Kxg7 16. g4 h6 17. e5 Ne8 18. h5 g5 19. f4 f6 20. Qd3 f5 21. fxg5 hxg5
22. Nd4 e6 23. gxf5 exf5 24. e6 Bc6 25. Nxf5+ Rxf5 26. Qxf5 Bxh1 27. h6+ Kg8
28. h7+ 1-0

[Event "9eme Open International de La Fere"]
[Site "La Fere (FRA)"]
[Date "2010.07.05"]
[Round "4.31"]
[White "Brelot, Loic"]
[Black "Sivertsen, Aage"]
[Result "0-1"]
[WhiteElo "1706"]
[BlackElo "1876"]
[PlyCount "44"]
[EventDate "2010.??.??"]

1. d4 d5 2. c4 c6 3. Nc3 Nf6 4. Nf3 e6 5. Bg5 Be7 6. e3 O-O 7. Bd3 Nbd7 8. O-O
dxc4 9. Bxc4 Qa5 10. Qe2 b5 11. Bb3 b4 12. Na4 Ba6 13. Qc2 Bxf1 14. Rxf1 Rac8
15. Rd1 Rfd8 16. Bh4 c5 17. dxc5 Nxc5 18. Nxc5 Qxc5 19. Rxd8+ Bxd8 20. Qxc5
Rxc5 21. h3 Bc7 22. Bxf6 gxf6 0-1

[Event "9eme Open International de La Fere"]
[Site "La Fere (FRA)"]
[Date "2010.07.05"]
[Round "4.32"]
[White "Herman, Jose"]
[Black "Vandervorst, Marc"]
[Result "0-1"]
[WhiteElo "1640"]
[BlackElo "1865"]
[PlyCount "106"]
[EventDate "2010.??.??"]

1. d4 g6 2. c4 Bg7 3. Nc3 d6 4. Nf3 Nf6 5. Bg5 O-O 6. e4 h6 7. Bh4 g5 8. Bg3
Bg4 9. Be2 Nbd7 10. O-O Nh5 11. Rc1 Nxg3 12. fxg3 c6 13. Ne1 Bxe2 14. Nxe2 Qb6
15. Qd2 e5 16. Rd1 exd4 17. Nxd4 Nc5 18. Nec2 Nxe4 19. Qe3 Rae8 20. Qf3 Qxb2
21. h4 Bxd4+ 22. Nxd4 Nd2 23. Qf2 Nxc4 24. Qxb2 Nxb2 25. Rb1 Re4 26. Nf5 Re2
27. Nxh6+ Kh7 28. hxg5 b5 29. Rf6 Nc4 30. Kf1 Re6 31. Rf2 Kg6 32. Nf5 Kxg5 33.
Nd4 Rf6 34. Rxf6 Kxf6 35. Ke2 Re8+ 36. Kf2 Ne5 37. Rh1 Ke7 38. Ke3 Kd7 39. Kf4
a6 40. Rh7 c5 41. Nf5 Kc6 42. Rh1 b4 43. Rd1 Nc4 44. g4 Re2 45. Rc1 Kb5 46. g5
Rxg2 47. Nh6 Rxa2 48. Rf1 Ne5 49. Nf5 Rd2 50. Ke3 Rd3+ 51. Ke4 b3 52. Nxd6+
Rxd6 53. Kxe5 Rd2 0-1

[Event "9eme Open International de La Fere"]
[Site "La Fere (FRA)"]
[Date "2010.07.05"]
[Round "4.34"]
[White "Pruvost, Alain"]
[Black "Louis, Andre"]
[Result "1/2-1/2"]
[WhiteElo "1623"]
[BlackElo "1853"]
[PlyCount "76"]
[EventDate "2010.??.??"]

1. b4 e5 2. b5 Nf6 3. Bb2 d6 4. c4 Be6 5. e3 Nbd7 6. Nf3 Be7 7. Be2 O-O 8. O-O
h6 9. a4 a5 10. Nc3 d5 11. Nxd5 Nxd5 12. cxd5 Bxd5 13. Nxe5 Bf6 14. Nxd7 Bxb2
15. Nxf8 Bxa1 16. Qxa1 Kxf8 17. f4 Qe7 18. Qc3 b6 19. Bf3 Rd8 20. Bxd5 Rxd5 21.
d4 f5 22. Kf2 Rd7 23. g3 Qf7 24. Rc1 Qh5 25. h4 Qf7 26. Qc4 Ke8 27. Qxf7+ Kxf7
28. Rc6 h5 29. Ke2 Ke8 30. Kd3 Re7 31. d5 Kd7 32. Rg6 Re4 33. Rxg7+ Kd6 34. Rg5
Rxa4 35. Rxf5 Ra3+ 36. Kd4 Ra4+ 37. Kc3 Ra3+ 38. Kd4 Ra4+ 1/2-1/2

[Event "9eme Open International de La Fere"]
[Site "La Fere (FRA)"]
[Date "2010.07.05"]
[Round "4.35"]
[White "Tawegoum, Ivan"]
[Black "Ben Porat, Tal"]
[Result "0-1"]
[WhiteElo "1601"]
[BlackElo "1849"]
[PlyCount "32"]
[EventDate "2010.??.??"]

1. e4 e6 2. d4 d5 3. Nc3 Nf6 4. e5 Nfd7 5. Be3 c5 6. Nf3 Nc6 7. Bb5 Qb6 8. Bxc6
bxc6 9. Rb1 cxd4 10. Nxd4 c5 11. Nb3 d4 12. Nxd4 cxd4 13. Bxd4 Qc6 14. O-O Bb7
15. Qg4 h5 16. Qh4 Qxg2# 0-1

[Event "9eme Open International de La Fere"]
[Site "La Fere (FRA)"]
[Date "2010.07.05"]
[Round "4.36"]
[White "Nicolas, Christian"]
[Black "Van Poucke, Anthony"]
[Result "1-0"]
[WhiteElo "1830"]
[BlackElo "1581"]
[PlyCount "113"]
[EventDate "2010.??.??"]

1. e4 e5 2. f4 Be7 3. fxe5 d6 4. Nf3 dxe5 5. Bc4 Bd6 6. O-O Nf6 7. d3 O-O 8.
Bg5 Bg4 9. Qd2 Bc5+ 10. Be3 Nxe4 11. Qe2 Bxf3 12. Rxf3 Bxe3+ 13. Qxe3 Nd6 14.
Bb3 Nc6 15. Nc3 Nd4 16. Rh3 Nxb3 17. axb3 Re8 18. Ra4 Nf5 19. Qe4 Qg5 20. Ra1
c6 21. Rf1 g6 22. Qc4 Nd6 23. Qc5 Qe7 24. Rhf3 Nf5 25. Qc4 Rad8 26. Qg4 Rd4 27.
Ne4 h5 28. Qh3 Nd6 29. Nf6+ Kf8 30. Nxe8 Rh4 31. Qg3 Rg4 32. Qf2 Kxe8 33. Qxa7
Qg5 34. R3f2 e4 35. Re1 f5 36. dxe4 Nxe4 37. Rfe2 h4 38. Qb8+ Qd8 39. Qxb7 Qd4+
40. Kh1 Kf8 41. Qc8+ Kg7 42. Rf1 Ng3+ 43. hxg3 hxg3 44. Qc7+ Kh6 45. Re4 fxe4
46. Qe7 Kh5 47. Qh7+ Kg5 48. Qe7+ Kh6 49. Qf8+ Qg7 50. Qc5 Rh4+ 51. Kg1 Qd7 52.
Qe3+ g5 53. Qxg3 Qd4+ 54. Qf2 e3 55. Qf6+ Kh5 56. Qf7+ Kg4 57. Qf3# 1-0

[Event "9eme Open International de La Fere"]
[Site "La Fere (FRA)"]
[Date "2010.07.05"]
[Round "4.37"]
[White "Barbry, Quentin"]
[Black "Casier, Fabrice"]
[Result "1-0"]
[WhiteElo "1565"]
[BlackElo "1802"]
[PlyCount "77"]
[EventDate "2010.??.??"]

1. e4 d5 2. exd5 Qxd5 3. Nc3 Qa5 4. d4 c6 5. Nf3 Nf6 6. Bc4 Bf5 7. O-O e6 8.
Bf4 Be7 9. Re1 O-O 10. Bd3 Bxd3 11. Qxd3 Na6 12. Ne4 Rad8 13. Be5 Nxe4 14. Qxe4
Qd5 15. Qg4 f6 16. Bg3 Kf7 17. Qf4 Qf5 18. Qxf5 exf5 19. c3 Bd6 20. Bxd6 Rxd6
21. Re2 Re6 22. Rae1 Rfe8 23. Kf1 Nc7 24. Rxe6 Rxe6 25. Rxe6 Kxe6 26. c4 b5 27.
b3 bxc4 28. bxc4 Kd6 29. Ke2 Ne6 30. g3 Ng5 31. Nxg5 fxg5 32. Ke3 h5 33. Kd3 g6
34. Kc3 f4 35. Kb4 h4 36. g4 f3 37. h3 a5+ 38. Kxa5 c5 39. d5 1-0

[Event "9eme Open International de La Fere"]
[Site "La Fere (FRA)"]
[Date "2010.07.05"]
[Round "4.38"]
[White "Parent, Henri"]
[Black "Meuriot, Philippe"]
[Result "0-1"]
[WhiteElo "1776"]
[BlackElo "1561"]
[PlyCount "84"]
[EventDate "2010.??.??"]

1. e4 e6 2. Qe2 Nc6 3. Nf3 Bc5 4. b3 e5 5. Bb2 d6 6. Nc3 Bg4 7. O-O-O Nd4 8.
Qd3 Qf6 9. Nd5 Qd8 10. Be2 Nxe2+ 11. Qxe2 Nf6 12. d4 exd4 13. Bxd4 Bxd4 14.
Rxd4 O-O 15. Qc4 c5 16. Nxf6+ Qxf6 17. e5 Qh6+ 18. Rd2 Bxf3 19. gxf3 dxe5 20.
Qc3 Rad8 21. Rhd1 Rxd2 22. Rxd2 Rd8 23. Qe3 Rxd2 24. Kxd2 Qxe3+ 25. Kxe3 f5 26.
f4 e4 27. f3 exf3 28. Kxf3 Kf7 29. a4 Kg6 30. Kg3 Kh6 31. Kh4 Kg6 32. Kg3 Kh5
33. h4 h6 34. c3 g5 35. hxg5 hxg5 36. fxg5 Kxg5 37. Kf3 f4 38. b4 cxb4 39. cxb4
Kf5 40. a5 a6 41. Kf2 Ke4 42. Ke2 f3+ 0-1

[Event "9eme Open International de La Fere"]
[Site "La Fere (FRA)"]
[Date "2010.07.05"]
[Round "4.40"]
[White "Jean, Robert"]
[Black "Delias, Gerard"]
[Result "0-1"]
[WhiteElo "1832"]
[BlackElo "1512"]
[PlyCount "122"]
[EventDate "2010.??.??"]

1. c4 Nf6 2. Nc3 e6 3. e4 d5 4. e5 d4 5. exf6 dxc3 6. bxc3 Qxf6 7. d4 c5 8. Nf3
h6 9. Be3 Nc6 10. Be2 cxd4 11. cxd4 Bb4+ 12. Bd2 Bxd2+ 13. Qxd2 O-O 14. O-O b6
15. Rfd1 Bb7 16. Rab1 Qe7 17. Qe3 Rfd8 18. Rd2 Rd7 19. Bd1 Na5 20. Bb3 Rc8 21.
Rc2 Rdc7 22. Rbc1 Ba6 23. c5 bxc5 24. Rxc5 Rxc5 25. Rxc5 Rxc5 26. dxc5 Bb7 27.
Qc3 Bxf3 28. Qxa5 Qg5 29. Kf1 Qc1+ 30. Qe1 Bxg2+ 31. Ke2 Qxc5 32. Qd2 Qb5+ 33.
Kd1 Bd5 34. Kc2 a5 35. Bxd5 Qxd5 36. Qxd5 exd5 37. Kd3 Kf8 38. Kd4 Ke7 39. Kxd5
Kd7 40. Kc5 f5 41. Kb5 g5 42. Kxa5 h5 43. Kb4 Kd6 44. Kc4 g4 45. Kd4 h4 46. Ke3
Ke5 47. a4 f4+ 48. Ke2 Kd4 49. Kf1 Kc4 50. Ke2 Kb4 51. a5 Kxa5 52. Kf1 Kb5 53.
Ke2 Kc4 54. Ke1 Kd3 55. Kf1 Kd2 56. Kg2 Ke1 57. f3 g3 58. hxg3 hxg3 59. Kg1 Kd2
60. Kf1 Ke3 61. Kg2 Ke2 0-1

[Event "9eme Open International de La Fere"]
[Site "La Fere (FRA)"]
[Date "2010.07.05"]
[Round "4.41"]
[White "Van Foreest, Jorden"]
[Black "Alloui-Cros, Baptiste"]
[Result "1-0"]
[WhiteElo "1819"]
[BlackElo "1510"]
[PlyCount "53"]
[EventDate "2010.??.??"]

1. e4 d5 2. exd5 Nf6 3. d4 Qxd5 4. c4 Qd8 5. Nf3 Bf5 6. Be2 e6 7. O-O Nc6 8.
Nc3 Bd6 9. d5 exd5 10. cxd5 Ne5 11. Nxe5 Bxe5 12. Bb5+ c6 13. Re1 Qe7 14. Bf4
Nd7 15. dxc6 bxc6 16. Bxc6 O-O-O 17. Qa4 Nb6 18. Qa6+ Kc7 19. Qxa7+ Kd6 20.
Rad1+ Ke6 21. Rxe5+ Kf6 22. Qxe7+ Kg6 23. Be4 f6 24. Bxf5+ Kh5 25. g4+ Kh4 26.
Bg3+ Kg5 27. Qxg7# 1-0

[Event "9eme Open International de La Fere"]
[Site "La Fere (FRA)"]
[Date "2010.07.05"]
[Round "4.42"]
[White "Obert, Julien"]
[Black "Pottier, Philippe"]
[Result "1-0"]
[WhiteElo "1816"]
[BlackElo "1480"]
[PlyCount "57"]
[EventDate "2010.??.??"]

1. e4 e5 2. Nf3 Nc6 3. Bb5 a6 4. Ba4 Nf6 5. O-O Be7 6. Re1 b5 7. Bb3 O-O 8. c3
d5 9. exd5 Nxd5 10. Nxe5 Nxe5 11. Rxe5 c6 12. d3 Bd6 13. Re1 Bf5 14. Qf3 Qh4
15. g3 Qh3 16. Nd2 Rae8 17. Ne4 Bg4 18. Qg2 f5 19. Qxh3 Bxh3 20. Bd2 fxe4 21.
dxe4 Bc5 22. Be3 Bxe3 23. Rxe3 Rd8 24. exd5 cxd5 25. Re5 Rf5 26. Rxf5 Bxf5 27.
Rd1 Be4 28. Rd4 Kf7 29. Rxe4 1-0

[Event "9eme Open International de La Fere"]
[Site "La Fere (FRA)"]
[Date "2010.07.05"]
[Round "4.43"]
[White "Poulain, Andre"]
[Black "Agneray, Camille"]
[Result "1-0"]
[WhiteElo "1815"]
[BlackElo "1420"]
[PlyCount "37"]
[EventDate "2010.??.??"]

1. e4 e5 2. Nf3 Nc6 3. d4 Bd6 4. Bc4 exd4 5. Nxd4 Be5 6. Nxc6 bxc6 7. Bxf7+ Kf8
8. O-O Qf6 9. Bb3 Bxb2 10. Bxb2 Qxb2 11. c3 Nf6 12. e5 Nd5 13. Qf3+ Ke7 14. Qg3
g6 15. Qg5+ Ke8 16. Nd2 Qxc3 17. Ne4 Qb4 18. Nf6+ Nxf6 19. exf6 1-0

[Event "9eme Open International de La Fere"]
[Site "La Fere (FRA)"]
[Date "2010.07.05"]
[Round "4.44"]
[White "Perche, Louis"]
[Black "Brugge, Rodolphe"]
[Result "1-0"]
[WhiteElo "1545"]
[BlackElo "1240"]
[PlyCount "55"]
[EventDate "2010.??.??"]

1. e4 e5 2. Nf3 Nc6 3. d4 exd4 4. Bc4 Nf6 5. e5 Ne4 6. O-O d6 7. exd6 Bxd6 8.
Re1 Bf5 9. Bd3 Qe7 10. Nbd2 O-O 11. Nxe4 Rfe8 12. Ng3 Qf6 13. Rxe8+ Rxe8 14.
Nxf5 h6 15. g3 a6 16. N3xd4 Nxd4 17. Nxd4 Qxd4 18. Bh7+ Kxh7 19. Qxd4 c5 20.
Qxd6 c4 21. Bd2 f6 22. Re1 Rc8 23. Qd5 Rf8 24. Qxb7 Rd8 25. Bc3 Rf8 26. Re7 Kg6
27. Rxg7+ Kh5 28. Qf3# 1-0

[Event "9eme Open International de La Fere"]
[Site "La Fere (FRA)"]
[Date "2010.07.05"]
[Round "4.45"]
[White "Rouffignac, Marie"]
[Black "Nesztler, Lambert"]
[Result "1-0"]
[WhiteElo "1537"]
[BlackElo "1210"]
[PlyCount "113"]
[EventDate "2010.??.??"]

1. e4 e6 2. d4 d5 3. exd5 exd5 4. Nf3 c5 5. Nc3 Nf6 6. Bg5 Be7 7. dxc5 O-O 8.
Be2 Bxc5 9. Nxd5 Qa5+ 10. Nc3 Ng4 11. O-O Qb6 12. Ne4 Bxf2+ 13. Nxf2 Ne3 14.
Bxe3 Qxe3 15. Qd3 Re8 16. Qxe3 Rxe3 17. Rad1 g6 18. Rd8+ Kg7 19. Rxc8 Rxe2 20.
Rd1 a5 21. Rdd8 Ra6 22. Rxb8 Rae6 23. h3 Rxc2 24. Rd2 Re1+ 25. Nxe1 Rxd2 26.
Rxb7 a4 27. Kf1 a3 28. bxa3 Rxa2 29. Ra7 g5 30. a4 Kg6 31. a5 h5 32. Ra8 g4 33.
hxg4 h4 34. a6 Kg5 35. a7 Kf4 36. Nfd3+ Kxg4 37. Rg8+ Kf5 38. a8=Q Rxa8 39.
Rxa8 Kg4 40. Rg8+ Kf5 41. Rg7 Kf6 42. Rg4 Kf5 43. Rxh4 Kg5 44. Nf3+ Kf5 45.
Rf4+ Ke6 46. Ng5+ Ke7 47. Rxf7+ Ke8 48. g4 Kd8 49. Ne6+ Kc8 50. Ng5 Kd8 51. Ra7
Kc8 52. Nf7 Kb8 53. Re7 Kc8 54. g5 Kb8 55. g6 Kc8 56. g7 Kb8 57. g8=R# 1-0

[Event "9eme Open International de La Fere"]
[Site "La Fere (FRA)"]
[Date "2010.07.05"]
[Round "4.46"]
[White "Paris, Pierre-Julien"]
[Black "Laufer, Maurice"]
[Result "0-1"]
[WhiteElo "1400"]
[BlackElo "1524"]
[PlyCount "164"]
[EventDate "2010.??.??"]

1. e4 Nf6 2. Nc3 e5 3. Nf3 Nc6 4. Bc4 Be7 5. d3 O-O 6. Be3 Na5 7. Bb3 Nxb3 8.
axb3 b6 9. Nxe5 Bb7 10. Nf3 c6 11. h3 Qc7 12. d4 Bb4 13. O-O Bxc3 14. bxc3 Nxe4
15. Qd3 Nf6 16. Bg5 Nd5 17. c4 Nf4 18. Qd2 Ng6 19. Rfe1 f6 20. Bh4 Nxh4 21.
Nxh4 a5 22. Nf3 d5 23. Qc3 c5 24. Qd3 dxc4 25. Qxc4+ Kh8 26. Ra2 Bxf3 27. gxf3
Qf4 28. dxc5 Qxc4 29. bxc4 bxc5 30. c3 a4 31. Kf1 h5 32. Ke2 a3 33. Kd2 Ra4 34.
Kc2 Rb8 35. Rb1 Rxb1 36. Kxb1 Kg8 37. Kc2 Rxc4 38. Rxa3 Rf4 39. Ra8+ Kf7 40.
Ra7+ Kg6 41. Rc7 Rxf3 42. Rxc5 Rxf2+ 43. Kb3 Rh2 44. Rd5 Rxh3 45. Rd1 h4 46.
Kb4 Rh2 47. c4 h3 48. c5 Rb2+ 49. Kc3 Rg2 50. c6 h2 51. c7 Rg1 52. Rxg1+ hxg1=Q
53. Kb4 Qb1+ 54. Kc5 Qc1+ 55. Kd6 Qxc7+ 56. Kxc7 f5 57. Kd6 Kg5 58. Ke5 g6 59.
Kd4 f4 60. Kd3 Kg4 61. Ke2 Kg3 62. Ke1 g5 63. Kf1 Kf3 64. Kg1 g4 65. Kf1 g3 66.
Kg1 Kg4 67. Kg2 f3+ 68. Kg1 Kh3 69. Kh1 g2+ 70. Kg1 f2+ 71. Kxf2 Kh2 72. Ke3
g1=Q+ 73. Ke4 Qf2 74. Ke5 Kg3 75. Kd5 Qe3 76. Kc6 Kf4 77. Kd5 Qe4+ 78. Kc5 Ke5
79. Kb6 Kd6 80. Ka7 Kc6 81. Ka8 Kb6+ 82. Kb8 Qe8# 0-1

[Event "9eme Open International de La Fere"]
[Site "La Fere (FRA)"]
[Date "2010.07.05"]
[Round "4.47"]
[White "Remy, Camille"]
[Black "De Brouwere, Johan"]
[Result "1/2-1/2"]
[WhiteElo "1360"]
[BlackElo "1835"]
[PlyCount "52"]
[EventDate "2010.??.??"]

1. e4 e5 2. Nf3 Nf6 3. Nc3 Bb4 4. Bc4 O-O 5. d3 d5 6. exd5 Nxd5 7. Bd2 Nxc3 8.
Bxc3 Bxc3+ 9. bxc3 Bg4 10. O-O c6 11. h3 Bh5 12. g4 e4 13. dxe4 Bg6 14. Qxd8
Rxd8 15. Rfe1 Nd7 16. Rad1 Nb6 17. Bb3 Rxd1 18. Rxd1 Bxe4 19. Ne5 Bd5 20. c4
Be6 21. c5 Nd5 22. a4 Kf8 23. Kh2 Ke7 24. Nf3 Rd8 25. Re1 Kf8 26. Ng5 h6
1/2-1/2

[Event "9eme Open International de La Fere"]
[Site "La Fere (FRA)"]
[Date "2010.07.05"]
[Round "4.48"]
[White "Duquenne, Eddy"]
[Black "Swiercz, Sonia"]
[Result "0-1"]
[WhiteElo "1520"]
[BlackElo "1762"]
[PlyCount "72"]
[EventDate "2010.??.??"]

1. d4 d5 2. c4 c6 3. e3 Nf6 4. Nf3 Nbd7 5. Nc3 e6 6. Bd3 a6 7. O-O Bd6 8. Re1
Qc7 9. e4 dxe4 10. Nxe4 Nxe4 11. Bxe4 Nf6 12. Bd3 Bd7 13. a4 O-O 14. c5 Bf4 15.
Ne5 Bxc1 16. Rxc1 Be8 17. g4 Nd7 18. g5 f6 19. Bxh7+ Kxh7 20. g6+ Bxg6 21. Nxg6
Kxg6 22. Qg4+ Kh7 23. Re3 f5 24. Rh3+ Kg8 25. Qg6 Rf6 26. Qh7+ Kf7 27. Qh5+ Ke7
28. Qg5 Rg8 29. Re1 Nf8 30. Rg3 Kd7 31. Qh5 f4 32. Rg4 Qa5 33. b4 Qc7 34. Rg5
Qd8 35. Rg2 Qe7 36. Qe2 f3 0-1

[Event "9eme Open International de La Fere"]
[Site "La Fere (FRA)"]
[Date "2010.07.05"]
[Round "4.49"]
[White "Gaubert, Virginie"]
[Black "Gosset, Hugo"]
[Result "1-0"]
[WhiteElo "1674"]
[BlackElo "1400"]
[PlyCount "49"]
[EventDate "2010.??.??"]

1. c4 e5 2. Nc3 Nf6 3. g3 Nc6 4. Nf3 Bc5 5. Bg2 O-O 6. O-O d6 7. a3 a5 8. d3
Be6 9. Bd2 d5 10. cxd5 Nxd5 11. Rc1 Qe7 12. Qc2 b6 13. Ne4 Rfb8 14. Nxc5 Qxc5
15. Qxc5 bxc5 16. Rxc5 Nd4 17. Nxd4 exd4 18. Bxd5 Bxd5 19. Rxd5 a4 20. Bb4 Re8
21. Re1 Re6 22. Rxd4 Re5 23. Rc4 Ra7 24. Kf1 h6 25. Rec1 1-0

[Event "9eme Open International de La Fere"]
[Site "La Fere (FRA)"]
[Date "2010.07.05"]
[Round "4.50"]
[White "Van Poucke, Guy"]
[Black "Lucas, Bernard"]
[Result "0-1"]
[WhiteElo "1450"]
[BlackElo "1674"]
[PlyCount "116"]
[EventDate "2010.??.??"]

1. e4 Nf6 2. e5 Nd5 3. d4 d6 4. Nf3 Bf5 5. Bd3 Qd7 6. Bxf5 Qxf5 7. O-O Nc6 8.
exd6 exd6 9. c4 Nf6 10. Nc3 O-O-O 11. Be3 d5 12. cxd5 Nxd5 13. Nxd5 Qxd5 14. a4
h6 15. Qd2 Be7 16. Rfd1 g5 17. Qc2 f5 18. Ne5 Nxe5 19. dxe5 Qxe5 20. Bxa7 Bd6
21. g3 Rhf8 22. Re1 Qa5 23. Be3 f4 24. Bd2 Bb4 25. Bxb4 Qxb4 26. Rac1 c6 27.
Re6 fxg3 28. hxg3 Rh8 29. Re5 Rd2 30. Qf5+ Kb8 31. Rxc6 Qxa4 32. Rce6 Qd7 33.
Ra5 Rd8 34. Qe5+ Rd6 35. Rd5 Qxe6 36. Qxe6 Rxe6 37. Rxd8+ Kc7 38. Rd3 b5 39.
Rd4 Kc6 40. b4 Rd6 41. Re4 Kd5 42. Rg4 Rc6 43. Kf1 Rc4 44. Rxc4 Kxc4 45. f4
gxf4 46. gxf4 Kd5 47. Kf2 Ke4 48. Kg3 Kf5 49. Kf3 h5 50. Kg3 h4+ 51. Kxh4 Kxf4
52. Kh3 Ke4 53. Kg2 Kd4 54. Kf2 Kc4 55. Ke2 Kxb4 56. Kd2 Kb3 57. Kc1 Ka2 58.
Kc2 b4 0-1

[Event "9eme Open International de La Fere"]
[Site "La Fere (FRA)"]
[Date "2010.07.05"]
[Round "4.51"]
[White "Bedu, Jean-Pierre"]
[Black "Bouguettouche, Didier"]
[Result "1-0"]
[WhiteElo "1640"]
[BlackElo "1380"]
[PlyCount "61"]
[EventDate "2010.??.??"]

1. d4 d5 2. c4 dxc4 3. Nc3 Nf6 4. e3 e6 5. Bxc4 Bb4 6. Bd2 O-O 7. Nf3 Nd5 8.
Nxd5 Bxd2+ 9. Qxd2 exd5 10. Be2 Be6 11. Qb4 b6 12. Rc1 Qd6 13. Qxd6 cxd6 14.
O-O f6 15. Nd2 Rc8 16. Rxc8+ Bxc8 17. Rc1 Ba6 18. Bg4 Kf8 19. Rc7 Kg8 20. Be6+
Kh8 21. Bxd5 Nc6 22. Bxc6 g6 23. Bxa8 f5 24. Rxa7 Bc4 25. Nxc4 b5 26. Nxd6 f4
27. Bd5 fxe3 28. fxe3 g5 29. Ne8 h5 30. Nf6 b4 31. Rh7# 1-0

[Event "9eme Open International de La Fere"]
[Site "La Fere (FRA)"]
[Date "2010.07.05"]
[Round "4.53"]
[White "Dagnicourt, Marie"]
[Black "Roux, Jean-Francois"]
[Result "0-1"]
[WhiteElo "1220"]
[BlackElo "1588"]
[PlyCount "60"]
[EventDate "2010.??.??"]

1. e4 c5 2. Nc3 Nc6 3. Bc4 e6 4. Nf3 a6 5. O-O b5 6. Be2 Qc7 7. a3 Bd6 8. g3
Nf6 9. d3 h6 10. Be3 Ng4 11. Bd2 O-O 12. Re1 Nge5 13. Nxe5 Bxe5 14. Bf3 Nd4 15.
Bg2 Bb7 16. Be3 f5 17. Qd2 f4 18. Bxd4 cxd4 19. Ne2 f3 20. Bh1 fxe2 21. Qxe2
Bf6 22. f3 Be7 23. Rf1 Rab8 24. Rac1 e5 25. c3 dxc3 26. Rxc3 Qb6+ 27. Kg2 Bc5
28. Qc2 Bd4 29. Rc7 Bc6 30. Rxd7 Bxd7 0-1

[Event "9eme Open International de La Fere"]
[Site "La Fere (FRA)"]
[Date "2010.07.05"]
[Round "4.55"]
[White "Biellmann, Patrick"]
[Black "Blondel, Francis"]
[Result "0-1"]
[WhiteElo "1200"]
[BlackElo "1576"]
[PlyCount "52"]
[EventDate "2010.??.??"]

1. e4 c5 2. Nf3 d6 3. d4 cxd4 4. Nxd4 Nf6 5. Bd3 e6 6. Nc3 a6 7. O-O Nbd7 8. f4
Qb6 9. Be3 Qxb2 10. Na4 Qa3 11. c3 b5 12. Bc1 Qxa4 13. Nb3 Nxe4 14. Qc2 Bb7 15.
Re1 Ndf6 16. a3 Rc8 17. Bb2 Nxc3 18. g3 Nce4 19. Qd1 Be7 20. Rc1 O-O 21. Bc2
Qc4 22. Bd3 Qd5 23. Nd4 Nxg3 24. Rc2 Qh1+ 25. Kf2 Qg2+ 26. Ke3 Nd5# 0-1

[Event "9eme Open International de La Fere"]
[Site "La Fere (FRA)"]
[Date "2010.07.05"]
[Round "4.56"]
[White "Devaux, Jean-Marc"]
[Black "Cassol, Robert"]
[Result "1-0"]
[WhiteElo "1560"]
[BlackElo "1360"]
[PlyCount "43"]
[EventDate "2010.??.??"]

1. e4 c5 2. Nf3 d6 3. c3 Nf6 4. Be2 Nc6 5. d4 cxd4 6. cxd4 Nxe4 7. d5 Nb4 8.
Qa4+ Bd7 9. Qxb4 Qc7 10. O-O Nc5 11. Nc3 a5 12. Qf4 e6 13. Ng5 f6 14. Bh5+ g6
15. Qxf6 Rg8 16. Qf7+ Kd8 17. Qxg8 gxh5 18. Qxf8+ Be8 19. Nf7+ Qxf7 20. Qxd6+
Nd7 21. Nb5 Ra6 22. Bg5+ 1-0

[Event "9eme Open International de La Fere"]
[Site "La Fere (FRA)"]
[Date "2010.07.05"]
[Round "4.59"]
[White "Baret, Benoit"]
[Black "Deblock, Gilbert"]
[Result "1-0"]
[WhiteElo "1550"]
[BlackElo "1220"]
[PlyCount "55"]
[EventDate "2010.??.??"]

1. d4 d5 2. Nf3 e6 3. e3 c5 4. b3 Nf6 5. Bd3 Be7 6. O-O Bd7 7. Bb2 Nc6 8. Nbd2
Qc8 9. c4 Nb4 10. Be2 O-O 11. Ne5 Be8 12. f4 Bd6 13. Rf3 Nc6 14. Rh3 h6 15. a3
Qd8 16. Bd3 Nh7 17. Bxh7+ Kxh7 18. Nxc6 Bxc6 19. dxc5 Bxc5 20. Qg4 Bxe3+ 21.
Rxe3 g6 22. Rf1 f5 23. Qe2 Qb6 24. Kh1 Rfe8 25. Rxe6 dxc4 26. Re7+ Kg8 27. Qe6+
Kf8 28. Qf7# 1-0

[Event "9eme Open International de La Fere"]
[Site "La Fere (FRA)"]
[Date "2010.07.06"]
[Round "5.1"]
[White "Henris, Luc"]
[Black "Romanov, Evgeny"]
[Result "0-1"]
[WhiteElo "2213"]
[BlackElo "2590"]
[PlyCount "74"]
[EventDate "2010.??.??"]

1. e4 e5 2. f4 exf4 3. Nf3 d5 4. exd5 Bd6 5. Bc4 Ne7 6. O-O O-O 7. d4 Bg4 8.
Nc3 Nd7 9. Bb3 Nf6 10. Qd3 Bf5 11. Qd1 Ng6 12. Ne5 Nxe5 13. dxe5 Bxe5 14. Bxf4
Bxf4 15. Rxf4 Bg6 16. Qd2 Qd6 17. Rd1 Rfe8 18. h3 a6 19. Rff1 b5 20. a3 h6 21.
Qf2 Re5 22. Rfe1 Rae8 23. Rxe5 Qxe5 24. Qd4 Qd6 25. Qf2 Nh5 26. Re1 Rxe1+ 27.
Qxe1 Nf4 28. Qe3 Qf6 29. Kh2 Qd6 30. Kg1 h5 31. Qf3 Qe5 32. h4 Qe1+ 33. Kh2
Qxh4+ 34. Kg1 Qg5 35. g3 Nh3+ 36. Kh2 Bf5 37. Ne4 Qc1 0-1

[Event "9eme Open International de La Fere"]
[Site "La Fere (FRA)"]
[Date "2010.??.??"]
[Round "5.3"]
[White "Colin, Vincent"]
[Black "Defrance, Laurent"]
[Result "1-0"]
[WhiteElo "2425"]
[BlackElo "2190"]
[PlyCount "51"]
[EventDate "2010.??.??"]

1. d4 d5 2. c4 dxc4 3. Nf3 Nf6 4. Nc3 a6 5. e4 b5 6. e5 Nd5 7. a4 Nxc3 8. bxc3
Qd5 9. g3 Bb7 10. Bg2 Qd7 11. Ba3 g6 12. O-O Bg7 13. e6 fxe6 14. Ne5 Qc8 15.
Bxb7 Qxb7 16. Qg4 Bxe5 17. dxe5 Qb6 18. axb5 axb5 19. Bc5 Qxc5 20. Rxa8 O-O 21.
Qxe6+ Kg7 22. Kg2 b4 23. cxb4 Qxb4 24. Qd5 c3 25. Ra7 c6 26. Qd6 1-0

[Event "9eme Open International de La Fere"]
[Site "La Fere (FRA)"]
[Date "2010.??.??"]
[Round "5.4"]
[White "Demanghon, Jonathan"]
[Black "Pisk, Petr"]
[Result "1/2-1/2"]
[WhiteElo "2183"]
[BlackElo "2337"]
[PlyCount "50"]
[EventDate "2010.??.??"]

1. d4 d5 2. c4 e6 3. Nf3 c5 4. cxd5 exd5 5. Nc3 Nc6 6. g3 Nf6 7. Bg2 Be7 8. O-O
O-O 9. dxc5 Bxc5 10. Na4 Be7 11. Be3 Re8 12. Rc1 Bf8 13. Bc5 Bg4 14. Bxf8 Kxf8
15. Re1 Rc8 16. Qb3 Qe7 17. Rcd1 Rcd8 18. h3 Bf5 19. Nd4 Be4 20. Nxc6 bxc6 21.
Qe3 Qb7 22. Qa3+ Kg8 23. Nc5 Qb6 24. e3 Bxg2 25. Kxg2 Ne4 1/2-1/2

[Event "9eme Open International de La Fere"]
[Site "La Fere (FRA)"]
[Date "2010.??.??"]
[Round "5.5"]
[White "Marchyllie, Bruno"]
[Black "Laurent, Bruno"]
[Result "1-0"]
[WhiteElo "2131"]
[BlackElo "2336"]
[PlyCount "31"]
[EventDate "2010.??.??"]

1. e4 e6 2. Nc3 d5 3. g3 Nf6 4. Bg2 Nc6 5. d3 Bb4 6. Bd2 O-O 7. Nge2 a5 8. O-O
b6 9. Bg5 dxe4 10. Nxe4 Bb7 11. Nxf6+ gxf6 12. Bh6 Re8 13. Nd4 Qxd4 14. c3 Bf8
15. cxd4 Bxh6 16. Qh5 1-0

[Event "9eme Open International de La Fere"]
[Site "La Fere (FRA)"]
[Date "2010.??.??"]
[Round "5.6"]
[White "Feryn, Alexandre"]
[Black "Piankov, Evgenij"]
[Result "0-1"]
[WhiteElo "2075"]
[BlackElo "2324"]
[PlyCount "58"]
[EventDate "2010.??.??"]

1. e4 c6 2. d4 d5 3. Nd2 g6 4. c3 Bg7 5. Bd3 Nh6 6. Ngf3 O-O 7. O-O dxe4 8.
Nxe4 Bg4 9. h3 Bxf3 10. Qxf3 Nf5 11. Nc5 Nd6 12. Bf4 Nd7 13. Bxd6 exd6 14. Ne4
d5 15. Ng3 Qg5 16. Rfe1 Rfe8 17. Nf1 Re6 18. Re3 Rxe3 19. fxe3 Nf6 20. Ng3 Re8
21. e4 dxe4 22. Nxe4 Nxe4 23. Bxe4 Qd2 24. Bd3 Qxb2 25. Rf1 Qxa2 26. Rb1 Re7
27. Qf4 Qe6 28. Bf1 b6 29. Ra1 b5 0-1